| 000 | 00722nac a22001931u 4500 | ||
|---|---|---|---|
| 090 | _c3521 | ||
| 008 | 080730t xxu||||| |||| 00| 0 eng d | ||
| 020 | _a8180520978 | ||
| 082 |
_a624.1 _bMUK |
||
| 100 | _aMukhopadhyay, Madhujit | ||
| 245 |
_aStructural Dynamics: Vibrations & Systems \ _bVibrations & Systems _cMadhujit Mukhopadhyay |
||
| 260 |
_aNew Delhi: _bAne Books India,2006 _c2006 |
||
| 300 |
_axv, 550 p. _bill; _c25 cm. |
||
| 504 | _aindex | ||
| 650 | _aStructural dynamics | ||
| 650 | _aStructures Dynamics | ||
| 942 |
_cBB _k624.1MUK _2ddc |
||
| 999 |
_c3521 _d3521 |
||